| 000 | 00464nam a2200181 4500 | ||
|---|---|---|---|
| 003 | SEACOMMC | ||
| 005 | 20250419141209.0 | ||
| 008 | 241003b |||||||| |||| 00| 0 eng d | ||
| 020 |
_a 978-0-3244-235-01 _cRs.425.00 |
||
| 040 | _aSEACOMMC | ||
| 082 |
_a330 _bM 878 |
||
| 100 | _a Mankiw, N. Gregory | ||
| 245 | 1 |
_aPrinciples of Economics _cN. Gregory Mankiw |
|
| 250 | _a3rd ed. | ||
| 260 |
_a Australia _b Thomson _c 2006 |
||
| 650 | _a Economics | ||
| 942 | _cBOOK | ||
| 999 |
_c626 _d626 |
||